000 02246nam a22003735a 4500
005 20090718154431.0
008 090319s2009 ii ab b 000 0 eng
010 _aENG-94465 B-425546-550
020 _a9780195697919
_c795.00
020 _a019569791X
_c795.00
035 _aEN-77998 B-425546-550
037 _aDBAD / PUB
037 _aRBC/VEN
040 _adpl
_bEnglish
082 _a305.800954
100 _aElwin, Verrier
_927768
245 _aThe Oxford India Elwin :
_bselected writings /
_cwith an introduction by Ganesh N. Devy
246 _aElwin
260 _aNew Delhi
_bOxford University Press,
_c2009
270 _aYMCA Library Building, Jai Singh Road
_bNew Delhi
_e110001
300 _axxii, 351 p. :
_bill.
_c23cm(Hb)
500 _aIncludes bibliographical references.
650 _aEthnology
_zIndia.
_927769
650 _aTribes
_zIndia.
_927770
700 _aDevy, G. N.
_927771
942 _2ddc
_cEN
_h305.800954
_mELW
999 _c28420
_d28420